[Event "Hessen-ch Gr-E 65th"]
[Site "Gladenbach"]
[Date "2011.04.23"]
[Round "4"]
[White "Spelleken, Hans Karl"]
[Black "Grueneschild, Hildegard"]
[Result "1-0"]
[WhiteElo "1075"]
[BlackElo "1634"]
[PlyCount "117"]
[EventDate "2011.04.22"]
[EventType "swiss"]
[EventRounds "5"]
[EventCountry "GER"]
[SourceTitle "CBM 142 Extra"]
[Source "ChessBase"]
[SourceDate "2011.06.27"]
[SourceVersion "1"]
[SourceVersionDate "2011.06.27"]
[SourceQuality "1"]

1. e4 c5 2. Nf3 d6 3. Nc3 Nc6 4. Bc4 e6 5. d3 g6 6. a4 Be7 7. Be3 Nf6 8. Ba2 0-0 9. Qd2 Ng4 10. 0-0-0 Nxe3 11. Qxe3 Nb4 12. Bb3 Bd7 13. h4 b5 14. h5 h6 15. g4 bxa4 16. Bxa4 Bxa4 17. Nxa4 Qa5 18. b3 Na2+ 19. Kb2 Nb4 20. g5 d5 21. gxh6 Bf6+ 22. e5 d4 23. exf6 dxe3 24. hxg6 Rfd8 25. g7 Kh7 26. Ng5+ Kg6 27. fxe3 Kxg5 28. Rdg1+ Kxf6 29. h7 Nxd3+ 30. cxd3 Qd2+ 31. Ka1 Qxe3 32. g8Q Rxg8 33. hxg8Q Rxg8 34. Rxg8 Qd4+ 35. Nb2 a5 36. Rc1 Qb4 37. Ka2 Qd4 38. Rc4 Qd5 39. Rc8 a4 40. Rxa4 e5 41. Ra5 Qb7 42. Rcxc5 e4 43. Rcb5 Qc6 44. Rf5+ Kg7 45. Rfc5 Qb7 46. Rcb5 Qc6 47. d4 e3 48. d5 Qc2 49. d6 e2 50. Rd5 Qc1 51. Rac5 e1Q 52. Rxc1 Qxc1 53. d7 Qc7 54. d8Q Qa7+ 55. Ra5 Qf2 56. Rg5+ Kh6 57. Ra5 Kh7 58. Rh5+ Kg6 59. Qg5# 1-0